000 00446nam a22001817a 4500
003 LK-CoDNM
005 20250120154535.0
008 250120b |||||||| |||| 00| 0 eng d
040 _aLK-CoDNM
_dLK-CoDNM
_eLK-CoDNM
041 _aeng
080 _a9
_bF30
100 _aMoy- Thomas, J.A.
245 _aPalaeozoic Fishes
260 _aLondon
_bMethuen & CO.LTD.
_c1939
300 _aix, 179p. : ill 17 cm
650 _aScience
942 _cBK
999 _c237084
_d237084